| 000 | 00350nam a2200121Ia 4500 | ||
|---|---|---|---|
| 008 | 230907s9999||||xx |||||||||||||| ||und|| | ||
| 082 | _a363.7285,BUE | ||
| 100 |
_aBuekens, Alfons Georges, _9115138 |
||
| 245 | 0 | _aIncineration technologies / | |
| 260 |
_aSpringer Science+Business, Media, _bNew York : _c2013 |
||
| 300 | _axviii, 89 p. : | ||
| 942 | _cBK | ||
| 999 |
_c597699 _d597699 |
||